Vodný hasiaci prístroj typ W 10 Hi

Bibliographic Details
Format: Article
Language:Slovak
PhysicalDescription:Obr. 1.
Subjects:

MARC

LEADER 00000nab a2200000 a 4500
001 vtls000378115
003 SK-MaSNL
005 20260302223758.0
008 220422c1990 xo 0 slo
015 |a SNBRB19rr/mm-uuuuu 
035 |a CL0378237 
040 |a SNKBUCL  |b slo  |c SNKBUCL  |e AACR2 
041 0 |a slo 
044 |a xo  |c SK 
080 |a 614.843/.845  |2 1981 
245 0 0 |a Vodný hasiaci prístroj typ W 10 Hi 
300 |b Obr. 1. 
650 0 7 |a prístroje hasiace  |2 snkbucl  |9 950902 
655 7 |a články z novín a časopisov  |2 snkbucl  |9 267496 
773 0 |t Požiarnik  |g Roč. 67, č. 7 (1990), s. 3 s. obálky 
850 |a Slovenská národná knižnica v Martine  |a MTA001 
852 |a SNK  |b KIS3GCP 
958 |a RK 
958 |a ME 
992 |a RBX 
999 |c 1521813  |d 1523743